00000000nam##2200000za#4500
0019.667972
003CaOODSP
00520210615123859
007ta
008150407|2006||||xxc|||||     f|0| 0 fre|d
040 |aCaOODSP|bfre
041 |aeng
041 |afre
043 |an-cn---
0861 |aCH24-12/2005
1101 |aCanada.|bPatrimoine canadien. |bSport Canada.
24510|aLes obstacles linguistiques à l'accès au sport de haut niveau - étude, 2005 / |c[par] Mira Svoboda [et] Peter Donnelly.
260 |aOttawa - Ontario : |bPatrimoine canadien. |c2006.
300 |a45, 2, 3p. : |btableaux ; |c28 cm.
500 |aLes numéros de catalogues (CH24-12/2005E & CH24-12/2005F) et les ISBN (0-662-42093-4 & 0-662-70643-9) imprimés dans cette publication sont incorrects.
504 |aBibliographie.
5203 |aCe rapport présente les résultats d’une étude portant sur les obstacles à l’accès des athlètes francophones du Canada au sport de haut niveau. Il discute des obstacles linguistiques à la participation par rapport aux obstacles financiers et géographiques. Il se penche également sur les entraîneurs et donne un aperçu de l’infrastructure institutionnelle afin d’évaluer les progrès réalisés au chapitre du bilinguisme dans les sports. Il renferme 14 recommandations à court et à long terme formulées à l’intention de Sport Canada.
563 |aCerlox
590 |a06-39|b2006-09-29
69107|aPolitique linguistique|2gcpds
69107|aSport|2gcpds
7102 |aTNS Canadian Facts.
7201 |aSvoboda, Mira
7201 |aDonnelly, Peter
7760#|tLes obstacles linguistiques à l'accès au sport de haut niveau - étude, 2005 / |w(CaOODSP)9.632341
7760#|tLinguistic barriers to access to high performance sport - study, 2005 / |w(CaOODSP)9.687901
791 |tLinguistic barriers to access to high performance sport - study, 2005 / |eeng|w(CaOODSP)9.667971